Noem de ploegen uit de Eredivisie seizoen 2024 2025 - Statistieken

Algemene statistieken
  • Deze quiz is 38 keer genomen
  • De gemiddelde score is 25 van 36
Antwoordstatistieken
Antwoord % Correct
Ajax
100%
Feyenoord
100%
AZ
93%
PSV
93%
Almere
86%
FC Twente
82%
Groningen
82%
Heerenveen
82%
NEC
82%
Sparta
82%
NAC
79%
Heracles
71%
Utrecht
71%
FC Utrecht
68%
Go Ahead Eagles
68%
PEC
68%
FC Groningen
64%
Fortuna Sittard
64%
RKC
64%
Willem II
64%
Alkmaar
61%
Nijmegen
61%
Almere City
57%
Amsterdam
57%
Breda
57%
Deventer
57%
Eindhoven
57%
Enschede
57%
Rotterdam
57%
Rotterdam
57%
sc Heerenveen
57%
Tilburg
57%
Almelo
54%
Waalwijk
54%
Zwolle
54%
Sittard
50%
Geen overeenkomende quizzen gevonden
Scoreverdeling
Procent van Mensen met Elke Score
Percentiel versus Aantal Correcte Antwoorden
Uw Scoregeschiedenis
U heeft deze quiz nog niet genomen